| 000 | nam a22 7a 4500 | ||
|---|---|---|---|
| 999 |
_c25646 _d25646 |
||
| 008 | 170201b xxu||||| |||| 00| 0 eng d | ||
| 020 | _a9780766827912 | ||
| 050 | _aRB 37 .E88 2000 | ||
| 100 | _aEstridge, Barbara H. | ||
| 245 |
_aInstructor's Manual to Accompany: _bBasic Medical Laboratory Techniques/ _cBarbara H. Estridge, Anna P. Reynolds, Norma J. Walters |
||
| 250 | _a4th ed. | ||
| 260 |
_aAfrica: _bDelmar, _c2000. |
||
| 300 |
_av,218p.: _bill.; _c27cm. |
||
| 521 | _aIncludes index. | ||
| 700 | _aReynolds, Anna P. | ||
| 700 | _aWalters, Norma J. | ||
| 942 |
_2lcc _cBOOKS _hRB 37 .E88 2000 |
||